| 000 | 01035nam a22002897a 4500 | ||
|---|---|---|---|
| 005 | 20230512224100.0 | ||
| 008 | 230222t xxu||||| |||| 00| 0 eng d | ||
| 020 | _a9789715508032 | ||
| 040 | _cCSPC | ||
| 082 | 0 |
_a333.951609599 _bB146i |
|
| 100 |
_aBagadion, Benjamin C. Jr., _eauthor. |
||
| 245 | 0 | 0 |
_aInvesting in the unseen : _bcases on biodiversity conservation : sourcebook for development management / _cBenjamin C. Bagadion Jr. |
| 260 |
_aQuezon City: _bAteneo de Manila University Press, _c2018 |
||
| 300 |
_axxi, 193 pages : _billustrations ; _c23 cm. |
||
| 336 |
_2rdacontent _atext |
||
| 337 |
_2rdamedia _aunmediated |
||
| 338 |
_2rdacarrier _avolume |
||
| 500 | _aIncludes index. | ||
| 504 | _aIncludes bibliographical references. | ||
| 650 | 1 | 0 |
_aBiodiversity conservation _zPhilippines. |
| 650 | 1 | 0 |
_aEcosystem management _zPhilippines. |
| 940 | _ahanna | ||
| 940 | _amae | ||
| 942 |
_cBOOK _jFIL 333.951609599 B146i 2018 |
||
| 999 |
_c13088 _d13088 |
||